<?xml version="1.0" encoding="UTF-8"?>
<marc:record xmlns:marc="http://www.loc.gov/MARC21/slim">
   <marc:leader>00000nam a2200000 a 4500</marc:leader>
   <marc:datafield ind1="1" ind2=" " tag="100">
      <marc:subfield code="a">Neville, Stuart</marc:subfield>
      <marc:subfield code="4">aut</marc:subfield>
      <marc:subfield code="e">Verfasser/-in</marc:subfield>
   </marc:datafield>
   <marc:datafield ind1="1" ind2=" " tag="100">
      <marc:subfield code="a">Thon, Wolfgang</marc:subfield>
      <marc:subfield code="4">trl</marc:subfield>
      <marc:subfield code="e">Übersetzer/-in</marc:subfield>
   </marc:datafield>
   <marc:datafield ind1="1" ind2=" " tag="100">
      <marc:subfield code="a">Neville, Stuart</marc:subfield>
   </marc:datafield>
   <marc:datafield ind1=" " ind2=" " tag="653">
      <marc:subfield code="a">Thriller</marc:subfield>
   </marc:datafield>
   <marc:datafield ind1=" " ind2=" " tag="653">
      <marc:subfield code="a">Spionage</marc:subfield>
   </marc:datafield>
   <marc:datafield ind1=" " ind2=" " tag="653">
      <marc:subfield code="a">Krimis</marc:subfield>
   </marc:datafield>
   <marc:datafield ind1="0" ind2="0" tag="245">
      <marc:subfield code="a">In ewiger Ruhe</marc:subfield>
   </marc:datafield>
   <marc:datafield ind1="0" ind2="0" tag="245">
      <marc:subfield code="b">Thriller</marc:subfield>
   </marc:datafield>
   <marc:datafield ind1="0" ind2="0" tag="245">
      <marc:subfield code="c">Stuart Neville. Aus dem Engl. von Wolfgang Thon</marc:subfield>
   </marc:datafield>
   <marc:datafield ind1=" " ind2="1" tag="264">
      <marc:subfield code="a">Berlin</marc:subfield>
      <marc:subfield code="b">Aufbau-Taschenbuch</marc:subfield>
      <marc:subfield code="c">2015</marc:subfield>
   </marc:datafield>
   <marc:datafield ind1=" " ind2=" " tag="250">
      <marc:subfield code="a">Dt. Erstausg., 1. Aufl.</marc:subfield>
   </marc:datafield>
   <marc:datafield ind1="1" ind2=" " tag="520">
      <marc:subfield code="a">Angaben aus der Verlagsmeldung

In ewiger Ruhe : Thriller Neville. In ewiger Ruhe TB / von Stuart Neville

Belfast Killer

Eine junge Frau erkennt, dass ihr Onkel ein Serienmörder war - wenig später ist sie tot.

Rea Carlisle hat ein Haus von ihrem Onkel geerbt, den sie kaum kannte. Sie macht sich daran, das heruntergekommene Haus zu säubern - und findet ein altes, in Leder gebundenes Buch. Darin: Haare, Fingernägel und eine Liste mit Opfern, die ihr Onkel in dem Haus getötet hat. Entsetzt will sie sofort zur Polizei gehen, doch ihr Vater ist dagegen - er will für das Parlament kandidieren und sieht seine Karriere bedroht, wenn ans Licht kommt, wer sein Schwager war. Rea wendet sich an den einzigen Mann, von dem sie sich Hilfe erhofft. Detective Jack Lennon aber hat seine eigenen Probleme. Er muss sich um seine kleine Tochter kümmern. Als Rea ihm das Buch zeigen will, ist es verschwunden. Wenig später wird sie ermordet.

"Was Stuart Neville so besonders macht: Er vergisst niemals das menschliche Herz, auch wenn es in tiefster Dunkelheit schlägt." Val McDermid
</marc:subfield>
   </marc:datafield>
   <marc:datafield ind1=" " ind2=" " tag="020">
      <marc:subfield code="a">9783746631134</marc:subfield>
      <marc:subfield code="9">9783746631134</marc:subfield>
   </marc:datafield>
   <marc:datafield ind1=" " ind2=" " tag="020">
      <marc:subfield code="a">3746631130</marc:subfield>
      <marc:subfield code="9">3746631130</marc:subfield>
   </marc:datafield>
   <marc:datafield ind1=" " ind2=" " tag="041">
      <marc:subfield code="a">ger</marc:subfield>
   </marc:datafield>
   <marc:datafield ind1=" " ind2=" " tag="300">
      <marc:subfield code="a">397 S.</marc:subfield>
   </marc:datafield>
</marc:record>
